Highest Goalscorers in Champions League for Valencia - Statistics

General Stats
  • This quiz has been taken 59 times
  • The average score is 9 of 21
Answer Stats
Goals Games Goals/Game Years Answer % Correct
8 6 14 0.429 2005-2010 David Villa
86%
1 15 20 0.75 2010-2013 Roberto Soldado
75%
5 7 28 0.25 1992-2001 Gaizka Mendieta
71%
6 7 36 0.194 1999-2010 Rubén Baraja
61%
15 4 22 0.182 2001-2006 Pablo Aimar
57%
8 6 14 0.429 2006-2009 Fernando Morientes
53%
11 5 16 0.313 1996-2000 Claudio López
51%
4 8 30 0.267 2000-2003 John Carew
51%
3 8 14 0.571 2011-2014 Jonas
47%
14 4 16 0.25 1997-'98, 1999-'00 Gerard López
45%
7 7 52 0.135 1997-2009 Miguel Ángel Angulo
39%
21 3 29 0.103 2000-2007 Roberto Ayala
39%
16 3 11 0.273 2017- Carlos Soler
37%
2 9 36 0.25 1999-2004 Juan Sánchez
35%
17 3 12 0.25 2010-2012 Aritz Aduriz
31%
10 6 35 0.171 1999-2003 Kily González
27%
12 5 20 0.25 2011-2016 Sofiane Feghouli
24%
17 3 12 0.25 2005-'06, 2008-'12 Pablo Hernández
22%
20 3 18 0.167 2010-2013 Tino Costa
20%
17 3 12 0.25 1997-2002 Adrian Ilie
16%
13 4 10 0.4 2000-2001 Diego Alonso
8%
No matching quizzes found
Score Distribution
Percent of People with Each Score
Percentile by Number Answered
Your Score History
You have not taken this quiz